Forme di Paese Pixelate #2 - Statistics

Statistiche generali
  • Questo quiz è stato fatto 196 volte
  • Il punteggio medio è 10 su 15
Statistiche sulle risposte
nazione % Corretto
Francia
97%
Messico
90%
India
89%
Brasile
86%
Nuova Zelanda
81%
Cina
80%
Sudafrica
74%
Grecia
72%
Norvegia
72%
Marocco
68%
Thailandia
59%
Filippine
58%
Bahamas
35%
Trinidad e Tobago
35%
Oman
30%
Nessun quiz corrispondente trovato
Distribuzione punteggi
Percentuale di utenti per punteggio
Percentile per numero di risposta
I tuoi punteggi nel tempo
Non hai fatto questo quiz